| 000 | 00482nam a2200181Ia 4500 | ||
|---|---|---|---|
| 001 | 23071 | ||
| 005 | 20260414150913.0 | ||
| 008 | 260414t2007||||xx |||||||||||||| ||spa|| | ||
| 041 | _aESP | ||
| 082 |
_a624.1834 _bA176 V. 3 |
||
| 110 | _aAsociación Colombiana de productores de Concreto | ||
| 245 | 0 |
_aConcreto arquitectónico : _bcómo obtener un buen acabado |
|
| 260 | _c2007 | ||
| 300 |
_a114 páginas : _c\N |
||
| 650 | _a0 | ||
| 654 | _aCIC | ||
| 942 |
_cLIB _dJUS _fJUS _2ddc _n |
||
| 999 |
_c23071 _d23071 |
||